00586 2200217 4500001002100000005001500021035002000036007000300056008004100059020001800100082001000118084001600128100002000144245004800164250001600212260004700228300003200275650002000307504003100327990001000358INLIS00000000000189420180416083209 a0010-0418000051ta180416 g 0 ind  a979-421-678-X a302.2 a302.2 HAF p0 aHAFIED, Cangara1 aPengantar Ilmu Komunikasi /cHafied Cangara aed.1 cet. 7 aJakarta :bPT Raja Grafindo Persada,c2006 ax;160 hlm ;c13,5 x 20,5 cm aILMU KOMUNIKASI aBIBLIOGRAFI; hlm 157 - 159 a10160